Deutsche Geschichtsphilosophie von Lessing bis Jaspers.
保存先:
| 第一著者: | |
|---|---|
| フォーマット: | 図書 |
| 言語: | 英語 |
| 出版事項: |
Birsfelden - Basel, Schweiz:
Schibli-Doppler,
1959.
Bremen, Deutschland: Schünemann, 1959. |
| シリーズ: | Sammlung Dieterich,
174. |
| 主題: | |
| タグ: |
タグ追加
タグなし, このレコードへの初めてのタグを付けませんか!
|
MARC
| LEADER | 00000nam a22000007a 4500 | ||
|---|---|---|---|
| 003 | CL-VaPUC | ||
| 005 | 20220822114447.0 | ||
| 008 | 220331s1959 ||||| |||| 00| 0 eng d | ||
| 999 | |c 435230 |d 435228 | ||
| 020 | |a 3-85883-018-6 | ||
| 040 | |c Pontificia Universidad Católica de Valparaíso | ||
| 082 | 7 | |a 901 ROS 1959 |2 22 | |
| 100 | |a Rossmann, Kurt |9 358541 |e autor | ||
| 245 | |a Deutsche Geschichtsphilosophie von Lessing bis Jaspers. | ||
| 260 | |a Birsfelden - Basel, Schweiz: |b Schibli-Doppler, |c 1959. | ||
| 260 | |a Bremen, Deutschland: |b Schünemann, |c 1959. | ||
| 300 | |a IC, 468 páginas. | ||
| 490 | |a Sammlung Dieterich, |v 174. | ||
| 500 | |a c.1 Donación Familia Prof. Alejandro Guzmán Brito. | ||
| 583 | |c 20220331 |k Yessy Stephany Diaz Vidal | ||
| 650 | |a Historia |x Filosofía alemana |9 870057 | ||
| 942 | |2 ddc |c BK |n 0 | ||
| 952 | |0 0 |1 0 |2 ddc |4 0 |6 901_000000000000000_ROS_1959 |7 0 |8 C_AGB |9 582342 |a BIBDER |b BIBDER |d 2022-03-31 |e Donación |i 5650651 |o 901 ROS 1959 |p 5650651 |r 2023-01-25 |t 1 |w 2022-03-31 |y BK_US |k AGB | ||